La genese du XIXme siecle
Αποθηκεύτηκε σε:
| Κύριος συγγραφέας: | |
|---|---|
| Άλλοι συγγραφείς: | |
| Μορφή: | Βιβλίο |
| Γλώσσα: | French |
| Δημοσίευση: |
Paris :
Payot,
1913
|
| Θέματα: | |
| Ετικέτες: |
Προσθήκη ετικέτας
Δεν υπάρχουν, Καταχωρήστε ετικέτα πρώτοι!
|
MARC
| LEADER | 00000cam a2200000 i 4500 | ||
|---|---|---|---|
| 001 | 1/8762 | ||
| 008 | 000724s1913 fre d | ||
| 035 | |l 10062803 | ||
| 040 | |a GR-MY-UA |b gre |e aacr | ||
| 041 | 0 | |a fre | |
| 082 | 0 | |a 907.2 | |
| 100 | 1 | |a Chamberlain, Houston Stewart, |d 1855-1927. | |
| 245 | 1 | 3 | |a La genese du XIXme siecle / |c Houston Stewart Chamberlain ; edition francaise par Robert Godet |
| 260 | |a Paris : |b Payot, |c 1913 | ||
| 300 | |a 2 v. |b ill. | ||
| 650 | 0 | 0 | |a Nineteenth century. |
| 650 | 0 | 0 | |a History |x Philosophy. |
| 650 | 0 | 0 | |a Civilization |x History. |
| 700 | 1 | |a Godet, Robert. |4 edt | |
| 852 | |a INST |b LESVOS |e 20000724 |h 907.2 CHA |p 005100021177 |q 005100021177 |t BK |y 0 |z v.1 | ||
| 852 | |a INST |b LESVOS |e 20000724 |h 907.2 CHA |p 005100021180 |q 005100021180 |t BK |y 0 |z v.2 | ||
| 852 | |a INST |b LESVOS |e 20000724 |h 907.2 CHA |p 005100021177 |q 005100021177 |t BK |v v.1: |y 0 |z v.1 | ||
| 852 | |a INST |b LESVOS |e 20000724 |h 907.2 CHA |p 005100021180 |q 005100021180 |t BK |v v.2: |y 0 |z v.2 | ||
| 853 | |a INST |b LESVOS |h 907.2 CHA | ||
| 901 | |a BIBL1-2000-2 | ||
| 909 | |a Λ |b 072417 | ||
| 909 | |a Λ |b 072446 | ||
| 970 | |z 2000/07/ELIDOC | ||